| 000 | 01166nam2a22002531 4500 | ||
|---|---|---|---|
| 001 | RU\NLR\INFOCOMM10\1000321845 | ||
| 005 | 20250617013835.0 | ||
| 035 | _a(NLR Aleph) 002350550 | ||
| 090 |
_a4511092 _c4511092 |
||
| 100 | _a20041104d1980 |||y0rusy50 ca | ||
| 101 | 0 | _arus | |
| 102 | _aRU | ||
| 105 | _ay ||||||||| | ||
| 200 | 1 |
_aМашины и оборудование для птицеводства _fТ.А. Кретова |
|
| 210 |
_d1980 _aБ. м. |
||
| 461 | 0 |
_1001RU\NLR\INFOCOMM10\1000321844 _12001#$aСельскохозяйственное машиностроение$eУказ. отеч. нормат.-техн. документов, междунар. и иностр. стандартов$v1980, Вып.1 _94511088 _cМ. _d1980- _oУказ. отеч. нормат.-техн. документов, междунар. и иностр. стандартов _tСельскохозяйственное машиностроение _v1980, Вып.1 |
|
| 700 | 1 |
_aКретова _bТ.А. _4070 |
|
| 801 | 1 |
_aRU _bInfoComm _c20041104 |
|
| 801 | 0 |
_aRU _bNLR _gPSBO |
|
| 852 |
_aNLR _bПт _jП-1/153 |
||
| 942 | _cISSUE | ||
| 980 | _aNB | ||
| 980 | _aRUSPER | ||